| 000 | 00000nas 2200000za 4500 |
| 001 | 9.807102 |
| 003 | CaOODSP |
| 005 | 20221107140047 |
| 007 | cr ||||||||||| |
| 008 | 150406d20152019qucqr p o||||f0 |0eng|d |
| 040 | |aCaOODSP|beng |
| 043 | |an-cn-qu |
| 086 | 1 |aNH12-182E-PDF |
| 245 | 00|aHousing now tables. |pSaguenay CMA |h[electronic resource]. |
| 260 | |a[Montréal] : |bCanada Mortgage and Housing Corporation, |cc2015-2019. |
| 310 | |aQuarterly |
| 362 | 0 |aFourth quarter 2015-first quarter 2019. |
| 500 | |a"Housing market information ... Housing market intelligence you can count on". |
| 500 | |aIssued also in French under title: Actualités habitation, tableaux. RMR de Saguenay. |
| 692 | 07|2gccst|aDemography |
| 692 | 07|2gccst|aHousing |
| 692 | 07|2gccst|aMortgage loans |
| 692 | 07|2gccst|aPrices |
| 710 | 2 |aCanada Mortgage and Housing Corporation. |
| 775 | 08|tActualités habitation, tableaux. |w(CaOODSP)9.807104 |
| 780 | 00|tHousing now. |w(CaOODSP)9.504706 |
| 986 | |a64211 |